Německo-český a česko-německý slovník : 2 zväzky
Salvato in:
| Autore principale: | |
|---|---|
| Natura: | Libro |
| Lingua: | multilingua |
| Pubblicazione: |
Praha :
Státní pedagogické nakladatelství,
1982
|
| Edizione: | 3.vyd. |
| Tags: |
Nessun Tag, puoi essere il primo ad aggiungerne!!
|
MARC
| LEADER | 00000nam a22000003a 4500 | ||
|---|---|---|---|
| 001 | stu6529 | ||
| 005 | 20150617225808.3 | ||
| 008 | 940907s1982----cs------------------mul-d | ||
| 040 | |a STU |b slo | ||
| 041 | 0 | |a mul | |
| 044 | |a cs | ||
| 080 | |a 801.323.2=30=850 | ||
| 100 | 1 | |a Widimský, František |4 aut | |
| 245 | 1 | |a Německo-český a česko-německý slovník : |b 2 zväzky | |
| 250 | |a 3.vyd. | ||
| 260 | |a Praha : |b Státní pedagogické nakladatelství, |c 1982 | ||
| 300 | |a Část německo-česká : |b 1-1019 s | ||
| 300 | |a Část česko-německá : |b 1023-1990 s | ||
| 996 | |b 284EK08321 |c E*51278 |l EE01 |s A |a 24 |w stu6529_0003 | ||